Score 0/267 Timer 20:00
1 Play Today
% Correct
Euston
88.5%
Victoria
88.4%
Bank
88.3%
Edgware
87.2%
Waterloo
87%
King's Cross St. Pancras
86.9%
Oxford Circus
86.6%
West Ham
86.5%
Baker
Street
86.3%
Stratford
86.3%
Paddington
86.1%
London Bridge
85.7%
Aldgate
84.9%
Elephant & Castle
84.9%
Liverpool Street
84.8%
Heathrow Terminal 5
84.4%
Wimbledon
84.2%
Brixton
84.2%
Embankment
83.9%
Westminster
83.9%
Green Park
83.9%
Hammersmith
83.7%
Canary Wharf
83.6%
South
Kensington
83.6%
Vauxhall
83.5%
Heathrow Terminal 4
83.4%
Camden
Town
83.4%
Angel
83.1%
Pimlico
83.1%
Cockfosters
82.8%
Bond
Street
82.7%
Ealing Broadway
82.4%
Edgware
Road
82.3%
Tottenham Ct. Rd.
82.1%
Leicester
Square
82%
Aldgate East
81.8%
Morden
81.4%
Holborn
81.1%
Canada Water
81%
Earl's
Court
81%
Notting
Hill
Gate
80.9%
Charing
Cross
80.7%
Piccadilly Circus
80.6%
Moorgate
80.5%
Southwark
80.4%
Richmond
80.3%
Epping
80.3%
Marble
Arch
79.9%
Euston Square
79.7%
Ruislip
79.7%
Covent Garden
79.6%
Heathrow Terminals 2 & 3
79.6%
Shepherd's
Bush
79.3%
Oval
79.2%
East Ham
79%
Amersham
78.9%
Monument
78.8%
Uxbridge
78.8%
Finsbury Park
78.6%
Clapham Common
78.6%
Old Street
78.5%
Temple
78.3%
Farringdon
78.3%
Upminster
78.2%
Clapham North
78.1%
Wembley Park
78%
Watford
77.9%
Blackfriars
77.8%
Mile
End
77.7%
St. Paul's
77.7%
Hyde Park Corner
77.7%
Arsenal
77.5%
Clapham South
77.5%
Barbican
77.4%
Seven
Sisters
77.3%
Kennington
77.3%
Stockwell
77.1%
Marylebone
77%
High Street Kensington
76.9%
Sloane
Square
76.9%
Highbury & Islington
76.8%
Warren Street
76.7%
Tower Hill
76.7%
Acton
Town
76.6%
Borough
76.5%
North Greenwich
76%
Walthamstow
Central
76%
Chancery Lane
76%
Barking
75.9%
% Correct
Stanmore
75.6%
Knightsbridge
75.5%
Mansion House
75.5%
Great Portland Street
75.3%
St. James's
Park
75.2%
Tooting Bec
75.1%
Cannon
Street
75%
High Barnet
74.9%
White
City
74.9%
Canning Town
74.7%
Mornington
Crescent
74.7%
Goodge Street
74.7%
Regent's
Park
74.7%
Gloucester
Road
74.6%
Lancaster Gate
74.5%
East
Acton
74.4%
Kew Gardens
74.4%
Russell
Square
74.4%
Lambeth
North
74.4%
West Ruislip
74.2%
West
Acton
74.1%
Queensway
74.1%
Putney Bridge
73.9%
Tooting Broadway
73.7%
Bermondsey
73.6%
North Acton
73.6%
Bethnal
Green
73.5%
St. John's
Wood
73.2%
Leyton
73.1%
Chesham
73%
Swiss Cottage
73%
Hounslow West
73%
South Wimbledon
72.9%
Hampstead
72.9%
Hounslow Central
72.9%
Hounslow East
72.8%
Mill Hill
East
72.8%
Tottenham
Hale
72.8%
Harrow-on-the-Hill
72.8%
Chalk
Farm
72.1%
Fulham
Broadway
71.8%
Finchley Road
71.7%
Leytonstone
71.5%
Bayswater
71.3%
East
Finchley
71.2%
Whitechapel
71.2%
Barons
Court
71.2%
Kilburn
70.9%
Queensbury
70.9%
Ealing Common
70.8%
Kensington
(Olympia)
70.7%
Wembley
Central
70.5%
Archway
70.3%
Balham
70.2%
Golders Green
69.9%
South Ealing
69.6%
Maida Vale
69.6%
Kingsbury
69.5%
Kentish Town
69.5%
Hatton Cross
69.2%
West Hampstead
69.1%
South Ruislip
68.9%
Highgate
68.9%
Finchley Central
68.8%
West
Kensington
68.8%
Blackhorse
Road
68.6%
East Putney
68.3%
Harrow &
Wealdstone
68.3%
Ruislip Gardens
68.2%
Dagenham
East
68.1%
Wimbledon Park
68.1%
Arnos Grove
68%
Caledonian
Road
67.9%
Shepherd's Bush Mkt.
67.8%
Queen's Park
67.3%
North Ealing
66.7%
Bromley-
by-Bow
66.6%
Southfields
66.6%
Gunnersbury
66.5%
Osterley
66.3%
Hainault
66.3%
Holland
Park
66.2%
West Finchley
66.1%
Dollis Hill
66%
Turnham
Green
66%
Belsize
Park
65.9%
Bow Road
65.8%
Colliers Wood
65.8%
Brent Cross
65.8%
% Correct
Burnt Oak
65.6%
Neasden
65.4%
Upton Park
65.2%
Theydon Bois
65.2%
Manor
House
65.1%
Stepney Green
65%
Upminster Bridge
64.9%
Wood Green
64.8%
Northfields
64.8%
Ickenham
64.7%
North Harrow
64.7%
Parsons Green
64.7%
Latimer Road
64.6%
Woodford
64.6%
Ruislip
Manor
64.4%
South Harrow
64.3%
Chalfont & Latimer
64.3%
Holloway Road
64.1%
Warwick
Avenue
64.1%
Ladbroke Gv.
64%
Dagenham Heathway
64%
Boston Manor
63.9%
Ravenscourt
Park
63.8%
North Wembley
63.6%
Royal
Oak
63.6%
Willesden Green
63.1%
Hanger Lane
63%
Hillingdon
62.8%
Perivale
62.7%
West
Brompton
62.7%
West Harrow
62.4%
Chiswick
Park
62.3%
Southgate
62.2%
Rayners
Lane
62%
Debden
62%
Willesden Junction
61.9%
Tufnell
Park
61.9%
Greenford
61.9%
Plaistow
61.8%
Colindale
61.6%
Alperton
61.6%
Rickmansworth
61.6%
Pinner
61.3%
Turnpike
Lane
61.3%
Oakwood
61.2%
Wood Lane
61%
Upney
60.7%
Canons Park
60.6%
South Woodford
60.5%
Grange Hill
60.5%
Sudbury Town
60.3%
Totteridge &
Whetstone
60.2%
Northolt
60.1%
Loughton
59.9%
Bounds Green
59.8%
Park Royal
59.6%
Northwood
59.5%
Croxley
59.3%
Goldhawk
Rd.
59.3%
Sudbury Hill
59.2%
Hendon Central
59%
Kenton
58.9%
Gants Hill
58.7%
Chigwell
58.7%
Kilburn Park
58.5%
Chorleywood
58.4%
Barkingside
58.2%
Redbridge
58.1%
Stamford
Brook
57.1%
Elm Park
56.5%
Kensal Green
56.2%
Moor Park
56.1%
Hornchurch
56%
Northwood Hills
55.8%
Fairlop
55.4%
South Kenton
55.3%
Eastcote
55.1%
Roding
Valley
55.1%
Snaresbrook
54.8%
Newbury Park
54.5%
Harlesden
54.2%
Becontree
53.8%
Westbourne Pk.
53.5%
Wanstead
53.4%
Preston Road
52.2%
Stonebridge Park
51.9%
Buckhurst
Hill
51.1%
Woodside Park
50.9%
Northwick Park
50.3%
Remove Ads.
Support Sporcle.
Get the best of Sporcle when you Go Orange. This ad-free experience offers more features, more stats, and more fun while also helping to support Sporcle. Thank you for becoming a member.

You're not logged in!

Compare scores with friends on all Sporcle quizzes.
OR
Log In

Show Comments

Extras

Top Quizzes Today


Score Distribution

Your Account Isn't Verified!

In order to create a playlist on Sporcle, you need to verify the email address you used during registration. Go to your Sporcle Settings to finish the process.

Report this User

Report this user for behavior that violates our Community Guidelines.

Details: